Online
Catalog

El ocaso de las islas : (Record no. 12994)

MARC details
000 -CABECERA
campo de control de longitud fija 01040cam a2200289 a 4500
001 - NÚMERO DE CONTROL
campo de control 000013367
003 - IDENTIFICADOR DEL NÚMERO DE CONTROL
campo de control DO-SdBNP
005 - FECHA Y HORA DE LA ÚLTIMA TRANSACCIÓN
campo de control 20251022121711.0
008 - DATOS DE LONGITUD FIJA--INFORMACIÓN GENERAL
campo de control de longitud fija 970908s1996 ve b 001 0 spa d
020 ## - NÚMERO INTERNACIONAL ESTÁNDAR DEL LIBRO
Número Internacional Estándar del Libro 9803171089
035 ## - NÚMERO DE CONTROL DEL SISTEMA
Número de control de sistema (OCoLC)37513436
040 ## - FUENTE DE LA CATALOGACIÓN
Centro catalogador/agencia de origen DO-SdBNP
Centro/agencia transcriptor NcD
Centro/agencia modificador DLC
042 ## - CÓDIGO DE AUTENTICACIÓN
Código de autenticación lccopycat
049 ## - FONDOS LOCALES (OCLC)
Fondos de biblioteca BNGR
082 ## - NÚMERO DE LA CLASIFICACIÓN DECIMAL DEWEY
Número de clasificación 338.13
Número de documento/Ítem S482ó
100 1# - ENTRADA PRINCIPAL--NOMBRE DE PERSONA
Nombre de persona Serbin, Andrés.
9 (RLIN) 30573
245 13 - MENCIÓN DE TÍTULO
Título El ocaso de las islas :
Resto del título el Gran Caribe frente a los desafíos globales y regionales /
Mención de responsabilidad, etc. Andrés Serbin ; Eufemia Hernández.
260 ## - PUBLICACIÓN, DISTRIBUCIÓN, ETC.
Lugar de publicación, distribución, etc. Caracas :
Nombre del editor, distribuidor, etc. Instituto Venezolano de Estudios Sociales y Políticos (INVESP) :
-- Nueva Sociedad,
Fecha de publicación, distribución, etc. 1996.
300 ## - DESCRIPCIÓN FÍSICA
Extensión 139 p. ;
Dimensiones 23 cm.
504 ## - NOTA DE BIBLIOGRAFÍA, ETC.
Nota de bibliografía, etc. Incluye referencias bibliográficas.
610 20 - PUNTO DE ACCESO ADICIONAL DE MATERIA--NOMBRE DE ENTIDAD CORPORATIVA
Nombre de entidad corporativa o nombre de jurisdicción como elemento de entrada Asociación de Estados del Caribe
9 (RLIN) 30574
651 #0 - PUNTO DE ACCESO ADICIONAL DE MATERIA--NOMBRE GEOGRÁFICO
Nombre geográfico Caribe (Región)
Subdivisión general Integración económica
9 (RLIN) 87401
651 #0 - PUNTO DE ACCESO ADICIONAL DE MATERIA--NOMBRE GEOGRÁFICO
Nombre geográfico Caribe (Región)
Subdivisión general Relaciones exteriores
9 (RLIN) 87401
700 1# - PUNTO DE ACCESO ADICIONAL--NOMBRE DE PERSONA
Nombre de persona Hernández, Eufemia
Término indicativo de función/relación ed.
9 (RLIN) 30576
910 ## - DATOS DE OPCIÓN DEL USUARIO (OCLC)
Datos de opción del usuario Catalogación por copia / LC
942 ## - ELEMENTOS DE PUNTO DE ACCESO ADICIONAL (KOHA)
Fuente del sistema de clasificación o colocación Dewey Decimal Classification
Tipo de ítem Koha Libro
Holdings
Estado de retiro Estado de pérdida Restricciones de uso No para préstamo Código de colección Localización permanente Ubicación/localización actual Ubicación en estantería Fecha de adquisición Número de inventario Total de préstamos Signatura topográfica completa Código de barras Fecha visto por última vez Precio válido a partir de Tipo de ítem Koha Número de copia
    Préstamo interno   Monografías: Libros y Folletos General General En catalogación 23.11.2009 LF1   338.13 S482ó 13367-10 25.06.2020 25.06.2020 Préstamo interno  
    Préstamo restringido Préstamo restrigido Monografías: Libros y Folletos General General En catalogación 23.11.2009 LF1   338.13 S482ó 13367-20 25.06.2020 25.06.2020 Préstamo interno e.2

Powered by Koha